Competencia en la industria bancaria de Costa Rica: un enfoque desde las economías de escala para el periodo 1997-2009 /
Պահպանված է:
| Հիմնական հեղինակ: | |
|---|---|
| Ձևաչափ: | Տեքստ |
| Ցուցիչներ: |
Ավելացրեք ցուցիչ
Չկան պիտակներ, Եղեք առաջինը, ով նշում է այս գրառումը!
|
MARC
| LEADER | 00000 a a2200000 04500 | ||
|---|---|---|---|
| 001 | 47122 | ||
| 003 | |||
| 040 | |||
| 100 | |a Gutiérrez Li, Alejandro | ||
| 245 | |a Competencia en la industria bancaria de Costa Rica: |b un enfoque desde las economías de escala para el periodo 1997-2009 / |c Alejandro Gutiérrez Li | ||
| 773 | |g volumen31, número1, (2013), páginas 139-152 : tablas | ||
| 999 | |c 37315 |d 37315 | ||
